Viability of rubber forest plantation

Bibliographic Details
Main Author: MOHAMAD Johari Mohamad Hassan
Format: Book
Published: Kuala Lumpur : Lembaga Getah Malaysia , 2003
Subjects:

MARC

LEADER 00000cam a2200000 7i4500
001 0000002819
005 20040116.0
020 0 0 |a 9832088151 
090 0 0 |a 633.8952509595   |b MOH 2003 
100 0 0 |a MOHAMAD Johari Mohamad Hassan 
245 1 0 |a Viability of rubber forest plantation   |c Mohamad Johari Mohamad Hassan 
260 0 0 |a Kuala Lumpur :   |b Lembaga Getah Malaysia ,   |c 2003 
300 |a 24 p. :   |b col. ill. ;   |c 23 cm. 
650 0 0 |a Malaysian Rubber Board monograph ; no. 6 
650 0 0 |a Rubber plants - Malaysia 
998 |a JPSM 
999 |a 0000004697   |b Monograph   |c Open Shelf   |e Default branch